Исследование способа выщелачивания продуктов фторирования вольфрамсодержащего сырья при изменении кислотности среды; Химия и химическая технология в XXI веке

Chi tiết về thư mục
Parent link:Химия и химическая технология в XXI веке.— 2017.— [С. 394-395]
Tác giả chính: Чернова Т. В.
Tác giả của công ty: Национальный исследовательский Томский политехнический университет (ТПУ) Физико-технический институт (ФТИ) Кафедра химической технологии редких, рассеянных и радиоактивных элементов (№ 43) (ХТРЭ)
Tác giả khác: Киселёв А. Д. Александр Дмитриевич (научный руководитель)
Tóm tắt:Заглавие с экрана
Ngôn ngữ:Tiếng Nga
Được phát hành: 2017
Loạt:Химическая технология редких элементов
Những chủ đề:
Truy cập trực tuyến:http://earchive.tpu.ru/handle/11683/41633
Định dạng: Điện tử Chương của sách
KOHA link:https://koha.lib.tpu.ru/cgi-bin/koha/opac-detail.pl?biblionumber=623001

MARC

LEADER 00000naa2a2200000 4500
001 623001
005 20231101133235.0
035 |a (RuTPU)RU\TPU\conf\21836 
035 |a RU\TPU\conf\21835 
090 |a 623001 
100 |a 20170718d2017 k y0rusy50 ca 
101 0 |a rus 
102 |a RU 
105 |a y z 101zy 
135 |a drgn ---uucaa 
181 0 |a i  
182 0 |a b 
200 1 |a Исследование способа выщелачивания продуктов фторирования вольфрамсодержащего сырья при изменении кислотности среды  |f Т. В. Чернова  |g науч. рук. А. Д. Киселёв 
203 |a Текст  |c электронный 
225 1 |a Химическая технология редких элементов 
230 |a 1 компьютерный файл (pdf; 551 Kb) 
300 |a Заглавие с экрана 
320 |a [Библиогр.: с. 395 (1 назв.)] 
463 0 |0 (RuTPU)RU\TPU\conf\21448  |t Химия и химическая технология в XXI веке  |o материалы XVIII Международной научно-практической конференции студентов и молодых ученых имени профессора Л.П. Кулёва, 29 мая-1 июня 2017 г., г. Томск  |f Национальный исследовательский Томский политехнический университет (ТПУ) ; Институт природных ресурсов (ИПР) ; Институт физики высоких технологий (ИФВТ) ; Физико-технический институт (ФТИ)  |v [С. 394-395]  |d 2017 
610 1 |a труды учёных ТПУ 
610 1 |a электронный ресурс 
610 1 |a реактивы 
610 1 |a примеси 
610 1 |a гидролиз 
610 1 |a атомно-эмиссионная спектрометрия 
610 1 |a плазма 
700 1 |a Чернова  |b Т. В. 
702 1 |a Киселёв  |b А. Д.  |c химик-технолог  |c инженер Томского политехнического университета  |f 1988-  |g Александр Дмитриевич  |2 stltpush  |4 727 
712 0 2 |a Национальный исследовательский Томский политехнический университет (ТПУ)  |b Физико-технический институт (ФТИ)  |b Кафедра химической технологии редких, рассеянных и радиоактивных элементов (№ 43) (ХТРЭ)  |h 56  |2 stltpush  |3 (RuTPU)RU\TPU\col\18733 
801 2 |a RU  |b 63413507  |c 20170727  |g RCR 
856 4 |u http://earchive.tpu.ru/handle/11683/41633 
942 |c BK